[Event "34.Schlosspark-Open"]
[Site "Wiesbaden-Biebrich"]
[Date "2025.08.31"]
[Round "6.74"]
[White "Spiegel, Nina"]
[Black "Launert, Martin"]
[Result "0-1"]
[WhiteElo "1716"]
[BlackElo "1855"]
[PlyCount "142"]
[EventDate "2025.08.28"]
[WhiteTeam "Sfr Stiller Zug Wiesbaden"]
[BlackTeam "Schachfreunde Eltville"]

1. c4 e5 2. g3 Nc6 3. Bg2 f5 4. Nc3 Nf6 5. d3 Bb4 6. Bd2 d6 7. e3 O-O 8. Nge2 Ne7 9. a3 Bxc3 10. Nxc3 c6 11. O-O d5 12. cxd5 cxd5 13. Rc1 Kh8 14. Na4 Nc6 15. b4 e4 16. Bc3 Qe8 17. Re1 Ne5 18. Bxe5 Qxe5 19. d4 Qd6 20. Qc2 b6 21. Qc7 Qxc7 22. Rxc7 Bd7 23. Nb2 Rfc8 24. Rec1 Ne8 25. Rxc8 Rxc8 26. Rxc8 Bxc8 27. Bf1 Nd6 28. a4 g5 29. Nd1 Kg7 30. Nc3 Bb7 31. Be2 Kf6 32. h3 Ke6 33. Kg2 Kf6 34. Kf1 Kg6 35. Kg2 h5 36. Kh2 f4 37. gxf4 gxf4 38. Bf1 h4 39. Be2 Kg5 40. Kg1 Nf5 41. Nd1 Bc8 42. Kh2 Bd7 43. b5 Be6 44. Bf1 Bf7 45. Be2 Bh5 46. Bxh5 Kxh5 47. exf4 Nxd4 48. Ne3 Nf3+ 49. Kg2 d4 50. Nd5 Kg6 51. Kf1 Nd2+ 52. Ke2 Nc4 53. Ne7+ Kf7 54. Nc6 d3+ 55. Kd1 Nb2+ 56. Kd2 Nxa4 57. Nxa7 Nb2 58. Nc6 Nc4+ 59. Kd1 Ke6 60. Nd4+ Kd5 61. Nb3 Nd6 62. Kd2 Nxb5 63. Ke3 Nd6 64. f3 Nc4+ 65. Kf2 e3+ 66. Ke1 Nd6 67. Kd1 Kc4 68. Nc1 Nf5 69. Na2 Nd4 70. Nc1 Nxf3 71. f5 e2+ 0-1

[Event "34.Schlosspark-Open"]
[Site "Wiesbaden-Biebrich"]
[Date "2025.08.31"]
[Round "6.75"]
[White "Gerber, Ingo"]
[Black "Brauch, Manfred"]
[Result "1/2-1/2"]
[WhiteElo "1708"]
[BlackElo "1801"]
[PlyCount "32"]
[EventDate "2025.08.28"]
[WhiteTeam "Sfr.Mainz 1928"]
[BlackTeam "SG Pieroth/Burg Layen"]

1. d4 d6 2. Bf4 Nd7 3. Nf3 Ngf6 4. Nbd2 g6 5. e3 Bg7 6. Bc4 O-O 7. c3 a6 8. Qb3 e6 9. Ng5 d5 10. Be2 b5 11. a4 bxa4 12. Qxa4 Nb6 13. Qa3 Nfd7 14. Ngf3 Bb7 15. O-O Re8 16. Nb3 Bf8 1/2-1/2

[Event "34.Schlosspark-Open"]
[Site "Wiesbaden-Biebrich"]
[Date "2025.08.31"]
[Round "6.76"]
[White "Hübner, Kai"]
[Black "Strache, Rolf"]
[Result "1-0"]
[WhiteElo "1763"]
[BlackElo "1684"]
[PlyCount "79"]
[EventDate "2025.08.28"]
[WhiteTeam "SC Flörsheim 1921"]
[BlackTeam "SK Herborn 1946"]

1. d4 d5 2. Bf4 e6 3. e3 Nf6 4. Nd2 c5 5. Ngf3 Nc6 6. c3 h6 7. Bd3 Be7 8. Qe2 Qb6 9. Rb1 Bd7 10. h3 a5 11. Ne5 Qd8 12. O-O a4 13. Bg3 O-O 14. f4 Ne8 15. Qg4 Nf6 16. Qf3 Na7 17. Nxd7 Qxd7 18. f5 cxd4 19. exd4 Rae8 20. Be5 Nc8 21. Rbe1 Nd6 22. fxe6 fxe6 23. Qg3 g5 24. Bg6 Ra8 25. Qe3 Nde8 26. h4 Ng4 27. Rxf8+ Bxf8 28. Qh3 Nxe5 29. Rxe5 Nc7 30. hxg5 Qg7 31. Bd3 Rd8 32. Nf3 Rd7 33. gxh6 Qf6 34. h7+ Kh8 35. Rg5 Rg7 36. Qg4 Ne8 37. Ne5 Rxg5 38. Qxg5 Qxg5 39. Nf7+ Kg7 40. Nxg5 1-0

[Event "34.Schlosspark-Open"]
[Site "Wiesbaden-Biebrich"]
[Date "2025.08.31"]
[Round "6.77"]
[White "Probstfeld, Bernd"]
[Black "Bartsch, Marius"]
[Result "1/2-1/2"]
[WhiteElo "1671"]
[BlackElo "1756"]
[PlyCount "45"]
[EventDate "2025.08.28"]
[WhiteTeam "SG Pieroth/Burg Layen"]
[BlackTeam "Wiesbadener SV 1885"]

1. d4 g6 2. Nf3 Nf6 3. c4 Bg7 4. Nc3 O-O 5. e4 d6 6. Be2 Nbd7 7. O-O e5 8. d5 Nc5 9. Bg5 h6 10. Bxf6 Qxf6 11. b4 Na6 12. a3 Qe7 13. Rc1 Bd7 14. Nd2 c5 15. b5 Nc7 16. Nb3 b6 17. a4 f5 18. a5 Ne8 19. f3 Nf6 20. Bd3 f4 21. Na4 Qd8 22. Qe1 g5 23. Kf2 1/2-1/2

[Event "34.Schlosspark-Open"]
[Site "Wiesbaden-Biebrich"]
[Date "2025.08.31"]
[Round "6.78"]
[White "John, Volkmar"]
[Black "Busch, Günther"]
[Result "1/2-1/2"]
[WhiteElo "1756"]
[BlackElo "1660"]
[PlyCount "63"]
[EventDate "2025.08.28"]
[WhiteTeam "SK Herborn 1946"]
[BlackTeam "Sfr Stiller Zug Wiesbaden"]

1. c4 g6 2. Nc3 Bg7 3. e4 d6 4. d4 e6 5. Nf3 Nd7 6. Be2 a6 7. Be3 Ne7 8. Qd2 b6 9. Bh6 O-O 10. h4 Nf6 11. Bxg7 Kxg7 12. O-O-O Neg8 13. Kb1 Bb7 14. d5 e5 15. Ng5 h6 16. Nh3 Bc8 17. f3 Bxh3 18. Rxh3 Qd7 19. Rg1 Nh5 20. g4 Nf4 21. Rhg3 Qe7 22. g5 h5 23. Bf1 f6 24. Ne2 Nxe2 25. gxf6+ Rxf6 26. Bxe2 Qf8 27. Rg5 Kh7 28. Qd1 Ne7 29. R1g3 Rf4 30. Qh1 Qf6 31. Qh3 Rd8 32. a3 1/2-1/2

[Event "34.Schlosspark-Open"]
[Site "Wiesbaden-Biebrich"]
[Date "2025.08.31"]
[Round "6.79"]
[White "Vranckx, Gabriel"]
[Black "Schneider, Felix"]
[Result "1-0"]
[WhiteElo "1622"]
[BlackElo "1749"]
[PlyCount "43"]
[EventDate "2025.08.28"]
[WhiteTeam "Sfr.Mainz 1928"]
[BlackTeam "SK Bad Homburg 1927"]

1. e4 c6 2. d4 d5 3. exd5 cxd5 4. c4 Nf6 5. Nc3 Nc6 6. Nf3 Bg4 7. cxd5 Nxd5 8. Bb5 Rc8 9. h3 Bh5 10. g4 Bg6 11. Ne5 Nxc3 12. bxc3 Be4 13. f3 Bg6 14. d5 a6 15. Nxc6 bxc6 16. Bxc6+ Rxc6 17. dxc6 Qc7 18. Qa4 Qg3+ 19. Ke2 Qe5+ 20. Kf2 Qb5 21. Qxb5 axb5 22. Rd1 1-0

[Event "34.Schlosspark-Open"]
[Site "Wiesbaden-Biebrich"]
[Date "2025.08.31"]
[Round "6.80"]
[White "Schmitt, Clemens"]
[Black "Wernicke, Dieter"]
[Result "1/2-1/2"]
[WhiteElo "1889"]
[BlackElo "1631"]
[PlyCount "50"]
[EventDate "2025.08.28"]
[WhiteTeam "SV Bergwinkel"]
[BlackTeam "SV Mainspitze Ginsheim"]

1. c4 c5 2. Nf3 Nf6 3. Nc3 Nc6 4. e3 g6 5. d4 cxd4 6. exd4 d5 7. cxd5 Nxd5 8. Qb3 Nxc3 9. Bc4 Nd5 10. Bxd5 e6 11. Bxc6+ bxc6 12. O-O Qd5 13. Qc3 Ba6 14. Re1 Qc4 15. Qe3 Bg7 16. Ne5 Qd5 17. Qa3 Bb7 18. Nf3 Bf8 19. Qc3 Bg7 20. Be3 O-O 21. Qa3 Rfd8 22. Rac1 Bf8 23. Qa4 Qb5 24. Qc2 Rac8 25. a4 Qh5 1/2-1/2

[Event "34.Schlosspark-Open"]
[Site "Wiesbaden-Biebrich"]
[Date "2025.08.31"]
[Round "6.81"]
[White "Wolf, Helena"]
[Black "Berberich, Christoph"]
[Result "0-1"]
[WhiteElo "1622"]
[BlackElo "1876"]
[PlyCount "122"]
[EventDate "2025.08.28"]
[WhiteTeam "SK Bad Homburg 1927"]
[BlackTeam "SK Freiburg-Zähringen 1887 e.V."]

1. e4 c5 2. Nf3 Nc6 3. d4 cxd4 4. Nxd4 Nf6 5. Nc3 e5 6. Ndb5 d6 7. Bg5 a6 8. Na3 b5 9. Nd5 Be7 10. Bxf6 Bxf6 11. c3 Ne7 12. c4 Nxd5 13. cxd5 Bg5 14. Be2 Qa5+ 15. Kf1 O-O 16. h3 f5 17. Bf3 fxe4 18. Bxe4 Be3 19. f3 Bd4 20. Qc2 Bd7 21. Bxh7+ Kh8 22. Bd3 Rac8 23. Qe2 Qb4 24. Rb1 Qc5 25. Nc2 Qxd5 26. Nxd4 Qxd4 27. Rd1 Qc5 28. Qf2 Qxf2+ 29. Kxf2 d5 30. Ke2 Rc5 31. Rc1 Rfc8 32. Kd2 Kg8 33. Rc2 Kf7 34. Rhc1 Rxc2+ 35. Rxc2 Rxc2+ 36. Kxc2 Kf6 37. h4 Bf5 38. b4 e4 39. fxe4 dxe4 40. Be2 Ke5 41. g4 Bd7 42. g5 Kf4 43. g6 Bg4 44. Kd2 Bxe2 45. Kxe2 Kg4 46. Ke3 Kxh4 47. Kxe4 Kg5 48. Kd5 Kxg6 49. Kc5 Kf5 50. Kb6 g5 51. Kxa6 g4 52. Kxb5 g3 53. a4 g2 54. a5 g1=Q 55. a6 Ke6 56. Kc6 Qg2+ 57. Kb6 Kd7 58. Kb5 Kc7 59. Ka5 Qa2+ 60. Kb5 Qd5+ 61. Ka4 Kb6 0-1

[Event "34.Schlosspark-Open"]
[Site "Wiesbaden-Biebrich"]
[Date "2025.08.31"]
[Round "6.82"]
[White "Cimicky, Václav"]
[Black "Meding, Olaf"]
[Result "0-1"]
[WhiteElo "1620"]
[BlackElo "1842"]
[PlyCount "31"]
[EventDate "2025.08.28"]
[WhiteTeam "Sfr Stiller Zug Wiesbaden"]
[BlackTeam "Sfr.Mainz 1928"]

1. e4 c6 2. Nf3 d5 3. exd5 cxd5 4. d4 Nc6 5. Bb5 Bg4 6. h3 Bh5 7. c3 e6 8. O-O Bd6 9. Nbd2 Nf6 10. Qe1 O-O 11. Bd3 Qc7 12. b4 a6 13. a4 e5 14. dxe5 Nxe5 15. Be2 Qxc3 16. Nb1 0-1

[Event "34.Schlosspark-Open"]
[Site "Wiesbaden-Biebrich"]
[Date "2025.08.31"]
[Round "6.83"]
[White "Stehning, Michel"]
[Black "Derr, Georg"]
[Result "1-0"]
[WhiteElo "1709"]
[BlackElo "1607"]
[PlyCount "105"]
[EventDate "2025.08.28"]
[WhiteTeam "SF Braunfels"]
[BlackTeam "VSG 1880 Offenbach"]

1. d4 d5 2. Nf3 Nf6 3. Bf4 e6 4. e3 Bd6 5. Bg3 O-O 6. Nbd2 c5 7. c3 Qc7 8. Ne5 a6 9. Bd3 b5 10. Qe2 Bb7 11. O-O Nc6 12. f4 h6 13. Bh4 Nd7 14. Qg4 Be7 15. Ndf3 Bxh4 16. Nxd7 Qxd7 17. Nxh4 Qe7 18. Rae1 Rac8 19. Nf3 f5 20. Qg3 Qf7 21. dxc5 b4 22. cxb4 Nxb4 23. Ne5 Qe8 24. a3 Nxd3 25. Nxd3 Qb5 26. Rd1 Qc4 27. Rc1 Qb3 28. Rc3 Qb5 29. Rfc1 Rf7 30. Ne5 Rfc7 31. b4 a5 32. Qg6 Re8 33. c6 Rec8 34. Qxe6+ Kh8 35. cxb7 Qxb7 36. Rxc7 Rxc7 37. Rxc7 Qxc7 38. Qc6 Qa7 39. Qc8+ Kh7 40. Qxf5+ Kg8 41. Qf7+ Qxf7 42. Nxf7 axb4 43. axb4 Kxf7 44. Kf2 Ke6 45. Ke2 Kd6 46. Kd3 Kc6 47. Kd4 g5 48. f5 Kd6 49. b5 Kc7 50. Kxd5 Kb6 51. f6 Kxb5 52. f7 Kb4 53. f8=Q+ 1-0

[Event "34.Schlosspark-Open"]
[Site "Wiesbaden-Biebrich"]
[Date "2025.08.31"]
[Round "6.84"]
[White "Will, Elina"]
[Black "Ju, Eric Zirui"]
[Result "0-1"]
[WhiteElo "1606"]
[BlackElo "1699"]
[PlyCount "118"]
[EventDate "2025.08.28"]
[WhiteTeam "TuS Makkabi Wiesbaden"]
[BlackTeam "SV Oberursel"]

1. e4 e5 2. Nf3 Nc6 3. d4 exd4 4. Nxd4 Bc5 5. Be3 Qf6 6. c3 Nge7 7. Bb5 Ne5 8. Qe2 O-O 9. O-O d6 10. h3 Qg6 11. f4 N5c6 12. f5 Qf6 13. Qd2 Qe5 14. Bxc6 Nxc6 15. Qd3 Re8 16. Nd2 d5 17. exd5 Qxd5 18. N2b3 Nxd4 19. Bxd4 Bxd4+ 20. Qxd4 Qxd4+ 21. Nxd4 Bd7 22. Rad1 Rad8 23. f6 g6 24. Rfe1 c5 25. Nf3 Bc6 26. Rxd8 Rxd8 27. Ne5 Re8 28. Kf2 Re6 29. Ng4 Rxe1 30. Kxe1 Bxg2 31. h4 Bd5 32. a3 Kf8 33. Ne3 Be6 34. b4 cxb4 35. cxb4 Ke8 36. Ke2 Kd7 37. Kd3 Kd6 38. Kd4 h6 39. Ng2 g5 40. a4 b6 41. hxg5 hxg5 42. Ne3 g4 43. Ke4 a5 44. bxa5 bxa5 45. Kf4 Kc5 46. Nxg4 Bxg4 47. Kxg4 Kd6 48. Kf5 Kd5 49. Kg5 Ke5 50. Kg4 Kxf6 51. Kf4 Ke6 52. Ke4 Kd6 53. Kd4 f5 54. Ke3 Kc5 55. Kf4 Kb4 56. Kxf5 Kxa4 57. Ke4 Kb3 58. Kd3 a4 59. Kd2 Kb2 0-1

[Event "34.Schlosspark-Open"]
[Site "Wiesbaden-Biebrich"]
[Date "2025.08.31"]
[Round "6.85"]
[White "Shtogrin, Joseph Stephan"]
[Black "Nabuuma, Rakhshanah"]
[Result "1-0"]
[WhiteElo "1483"]
[BlackElo "1680"]
[PlyCount "151"]
[EventDate "2025.08.28"]
[WhiteTeam "SAbt TuS Makkabi Ffm"]
[BlackTeam "VSG 1880 Offenbach"]

1. d4 Nf6 2. Nf3 g6 3. Bf4 Bg7 4. h3 b6 5. e3 c5 6. c3 O-O 7. Bd3 Bb7 8. Nbd2 d6 9. Be2 Nh5 10. Bh2 f5 11. O-O Nf6 12. a4 a5 13. Ng5 Qd7 14. Qb3+ d5 15. Qxb6 cxd4 16. cxd4 Qc6 17. Qb3 Ba6 18. Rfc1 Qd7 19. Rc7 Qe8 20. Bxa6 Nxa6 21. Rc3 Qd7 22. Ndf3 Ne4 23. Nxe4 fxe4 24. Ne5 Qf5 25. Bg3 Bxe5 26. Qxd5+ e6 27. Qxe5 Qxe5 28. Bxe5 Rf5 29. Bd6 Rd5 30. Rc6 Kf7 31. Bc5 Rd7 32. Ba3 Rc7 33. Rxc7+ Nxc7 34. b4 axb4 35. Bxb4 Nd5 36. Bd2 Ke7 37. Kh2 Kd7 38. Kg3 h6 39. Kh4 Rf8 40. Kg3 Nf6 41. Kh2 Nd5 42. Kg1 Rb8 43. a5 Kc6 44. a6 Ra8 45. a7 Kb7 46. Kf1 Rxa7 47. Rxa7+ Kxa7 48. f3 Nf6 49. fxe4 Nxe4 50. Bc1 Kb6 51. Ke2 Kc6 52. Kf3 Kd5 53. h4 e5 54. dxe5 Kxe5 55. Bb2+ Kd5 56. g4 h5 57. gxh5 gxh5 58. Kf4 Nd6 59. Ba3 Ne4 60. Kf5 Ng3+ 61. Kg5 Ke4 62. Bc5 Kd5 63. Ba7 Ke4 64. Bb8 Nf5 65. Bf4 Ng7 66. Kg6 Nf5 67. Kxh5 Kf3 68. Kg5 Ng7 69. h5 Nxh5 70. Kxh5 Ke4 71. Kg5 Kd5 72. Kf5 Kc6 73. e4 Kd7 74. e5 Ke8 75. Ke6 Kf8 76. Kd7 1-0

[Event "34.Schlosspark-Open"]
[Site "Wiesbaden-Biebrich"]
[Date "2025.08.31"]
[Round "6.86"]
[White "Piacentino, Mirco"]
[Black "Pfaff, Helmut"]
[Result "1-0"]
[WhiteElo "1667"]
[BlackElo "1493"]
[PlyCount "41"]
[EventDate "2025.08.28"]
[WhiteTeam "SV 1934 Ffm-Griesheim"]
[BlackTeam "Vorw.Orient Mainz"]

1. e4 e5 2. Nf3 Nc6 3. Bc4 Nf6 4. d4 Nxe4 5. dxe5 Bc5 6. O-O d6 7. Bxf7+ Kxf7 8. Qd5+ Ke8 9. Qxe4 Qd7 10. exd6+ Ne7 11. dxe7 Bxe7 12. Bg5 h6 13. Bxe7 Qe6 14. Qxe6 Bxe6 15. Ba3 Rd8 16. Nc3 b6 17. Rfe1 Kd7 18. Rad1+ Kc8 19. Rxd8+ Rxd8 20. Rxe6 b5 21. Kf1 1-0

[Event "34.Schlosspark-Open"]
[Site "Wiesbaden-Biebrich"]
[Date "2025.08.31"]
[Round "6.87"]
[White "Glaesser, Leonhard"]
[Black "Hafner, Hans-Peter"]
[Result "1-0"]
[WhiteElo "1661"]
[BlackElo "1458"]
[PlyCount "65"]
[EventDate "2025.08.28"]
[WhiteTeam "Wiesbaden"]
[BlackTeam "Sfr.Mainz 1928"]

1. d4 Nf6 2. Nf3 g6 3. Bf4 Bg7 4. c4 O-O 5. Nc3 c6 6. e4 d6 7. h3 Re8 8. Qd2 c5 9. d5 e5 10. Bg5 Nbd7 11. Bd3 Nb6 12. O-O Bd7 13. Nh2 Na4 14. Rab1 Nxc3 15. bxc3 Qc7 16. f4 h6 17. Bh4 Nh7 18. fxe5 Rxe5 19. Bg3 Re7 20. Nf3 Ng5 21. Nxg5 hxg5 22. Qxg5 Rae8 23. h4 Kh7 24. h5 Bh6 25. hxg6+ fxg6 26. Qf6 Qd8 27. Bxd6 Be3+ 28. Kh2 Rf8 29. Qxe7+ Qxe7 30. Bxe7 Re8 31. d6 Rg8 32. Rf3 Bg5 33. Bxg5 1-0

[Event "34.Schlosspark-Open"]
[Site "Wiesbaden-Biebrich"]
[Date "2025.08.31"]
[Round "6.91"]
[White "Chen, Lilly"]
[Black "Goodwin, David"]
[Result "1/2-1/2"]
[WhiteElo "1567"]
[BlackElo "1601"]
[PlyCount "73"]
[EventDate "2025.08.28"]
[WhiteTeam "Sfr Stiller Zug Wiesbaden"]
[BlackTeam "SV 1920 Kelsterbach"]

1. Nf3 g6 2. c4 c5 3. e3 Bg7 4. Be2 Nc6 5. O-O d6 6. Nc3 Nf6 7. d4 cxd4 8. exd4 d5 9. Ne5 O-O 10. Bf3 e6 11. Bg5 Ne7 12. Qd2 dxc4 13. Nxc4 Nf5 14. d5 h6 15. Bf4 Ne8 16. dxe6 Bxe6 17. Bxb7 Qxd2 18. Nxd2 Rd8 19. Rfd1 g5 20. Be3 Nxe3 21. fxe3 Bg4 22. Nf3 Rb8 23. Ba6 Rxb2 24. Rdc1 Rb8 25. Rab1 Nc7 26. Rxb8 Rxb8 27. Bf1 Ne6 28. h3 Bh5 29. g4 Bg6 30. Nd5 Kf8 31. Nc7 Kg8 32. Nxe6 fxe6 33. Nd4 Bxd4 34. exd4 Be4 35. Re1 Bd5 36. Re2 Rb1 37. Rc2 1/2-1/2

[Event "34.Schlosspark-Open"]
[Site "Wiesbaden-Biebrich"]
[Date "2025.08.31"]
[Round "6.92"]
[White "Luber, Maximilian"]
[Black "Schmitz, Bernhard Hubert"]
[Result "1-0"]
[WhiteElo "1518"]
[BlackElo "1598"]
[PlyCount "67"]
[EventDate "2025.08.28"]
[WhiteTeam "SK Schwandorf"]
[BlackTeam "Vorw.Orient Mainz"]

1. e4 c5 2. c3 Nc6 3. d4 cxd4 4. cxd4 e6 5. Nf3 d5 6. e5 g6 7. Nc3 Bg7 8. Bd3 a6 9. h4 h5 10. Bg5 Qc7 11. O-O Nce7 12. Rc1 Qb8 13. Na4 Qa7 14. Qb3 f6 15. exf6 Nxf6 16. Nb6 Rb8 17. Nxc8 Rxc8 18. Bxg6+ Kd8 19. Rxc8+ Kxc8 20. Bf7 Nc6 21. Bxe6+ Kb8 22. Bxf6 Bxf6 23. Bxd5 Nxd4 24. Nxd4 Bxd4 25. Bf7 Rc8 26. Bxh5 Qc5 27. Bf3 Qe7 28. g4 Rc7 29. g5 Qg7 30. Be2 Ka7 31. Rd1 Qh8 32. h5 Qe5 33. Rxd4 Qxd4 34. Qe3 1-0

[Event "34.Schlosspark-Open"]
[Site "Wiesbaden-Biebrich"]
[Date "2025.08.31"]
[Round "7.1"]
[White "Chassard, Cedric"]
[Black "Kollars, Dmitrij"]
[Result "0-1"]
[WhiteElo "2208"]
[BlackElo "2644"]
[PlyCount "146"]
[EventDate "2025.08.28"]
[WhiteTeam "TSV Schott Mainz"]
[BlackTeam "SF Deizisau"]

1. e4 c5 2. Nf3 Nc6 3. Bb5 e6 4. O-O Nge7 5. d4 cxd4 6. Nxd4 Qb6 7. Nxc6 bxc6 8. Bd3 Ng6 9. c4 Be7 10. Nc3 O-O 11. Na4 Qc7 12. c5 d5 13. cxd6 Bxd6 14. g3 Ne5 15. Be2 Bb7 16. Be3 c5 17. Qc2 f5 18. f3 fxe4 19. fxe4 c4 20. b3 cxb3 21. Qxc7 Rxf1+ 22. Rxf1 Bxc7 23. Nc5 Bb6 24. axb3 Bxe4 25. Nxe4 Bxe3+ 26. Kg2 Rb8 27. Bd1 h6 28. Re1 Bd4 29. Nd2 Bc3 30. Re3 Rd8 31. Nf3 Rxd1 32. Rxc3 Nxf3 33. Kxf3 a5 34. Rc5 Rd3+ 35. Kf4 Rxb3 36. Rxa5 Kf7 37. h4 Kf6 38. Rc5 Rd3 39. Ra5 Rd5 40. Ra8 Rf5+ 41. Ke4 Re5+ 42. Kf4 Re1 43. Ra6 Kg6 44. Ra7 Rd1 45. Ra6 Kf6 46. Kg4 Rf1 47. Rb6 Ra1 48. Kf4 Ra4+ 49. Kf3 Kf5 50. Rb7 Ra3+ 51. Kg2 g5 52. hxg5 hxg5 53. Rb2 e5 54. Kh3 Ra7 55. Rb4 Kg6 56. Rb8 Rf7 57. Ra8 Kf5 58. Kg2 Rb7 59. Kh3 Rg7 60. Kg2 Rd7 61. Kh3 g4+ 62. Kg2 Rd2+ 63. Kf1 Ke4 64. Ra4+ Rd4 65. Ra5 Rd5 66. Ra4+ Ke3 67. Ke1 e4 68. Ra3+ Rd3 69. Ra8 Rb3 70. Kf1 Kf3 71. Rf8+ Kxg3 72. Re8 Rf3+ 73. Kg1 Rf4 0-1

[Event "34.Schlosspark-Open"]
[Site "Wiesbaden-Biebrich"]
[Date "2025.08.31"]
[Round "7.2"]
[White "Poetsch, Hagen"]
[Black "Minor, Samuel"]
[Result "1-0"]
[WhiteElo "2479"]
[BlackElo "2186"]
[PlyCount "61"]
[EventDate "2025.08.28"]
[WhiteTeam "SC Heusenstamm"]
[BlackTeam "Wiesbadener SV 1885"]

1. e4 e6 2. d4 d5 3. e5 c5 4. c3 Nc6 5. Nf3 Bd7 6. Be2 cxd4 7. cxd4 Nge7 8. Na3 Nf5 9. Nc2 Nb4 10. Ne3 Nxe3 11. fxe3 Be7 12. O-O O-O 13. Bd2 Rc8 14. a3 Nc6 15. Bd3 f6 16. Qb1 f5 17. b4 h5 18. Qe1 a6 19. h4 Qe8 20. Qg3 g6 21. Ng5 Kg7 22. Rac1 Qd8 23. Nf3 Na7 24. Qf4 Rh8 25. e4 Rxc1 26. Bxc1 dxe4 27. Bxe4 fxe4 28. Ng5 Rf8 29. Nxe6+ Kg8 30. Nxf8 Bxf8 31. Qf7+ 1-0

[Event "34.Schlosspark-Open"]
[Site "Wiesbaden-Biebrich"]
[Date "2025.08.31"]
[Round "7.3"]
[White "Kersten, Uwe"]
[Black "Milov, Leonid"]
[Result "1/2-1/2"]
[WhiteElo "2169"]
[BlackElo "2390"]
[PlyCount "89"]
[EventDate "2025.08.28"]
[WhiteTeam "Sfr. Wolfhagen e. V."]
[BlackTeam "SC Noris-Tarrasch Nürnberg 1873"]

1. e4 c5 2. Nf3 e6 3. c3 d5 4. exd5 exd5 5. Bb5+ Nc6 6. d4 Bd6 7. dxc5 Bxc5 8. O-O Nf6 9. Nbd2 O-O 10. Nb3 Bb6 11. Bg5 Be6 12. Nbd4 Nxd4 13. Nxd4 h6 14. Bh4 g5 15. Bg3 Bd7 16. Bxd7 Qxd7 17. Qd3 Ne4 18. Rad1 Rad8 19. f3 Nxg3 20. hxg3 Rfe8 21. Kh1 Bxd4 22. Qxd4 Qc7 23. Kh2 Re2 24. Rf2 Rxf2 25. Qxf2 Qa5 26. a3 Qb5 27. Re1 d4 28. cxd4 Qd3 29. Re4 b6 30. Qe1 Qb5 31. b4 Kg7 32. Qe3 Qd5 33. Re7 a5 34. Re5 Qxd4 35. Qxd4 Rxd4 36. bxa5 bxa5 37. Rxa5 Rd1 38. g4 Ra1 39. Kg3 Ra2 40. Ra6 Kh7 41. Kh2 Kg7 42. Kh3 Kh7 43. Ra4 Kg7 44. g3 Kg6 45. Ra6+ 1/2-1/2

[Event "34.Schlosspark-Open"]
[Site "Wiesbaden-Biebrich"]
[Date "2025.08.31"]
[Round "7.4"]
[White "Weber, Samuel"]
[Black "Nagel, Bernhard"]
[Result "1-0"]
[WhiteElo "2239"]
[BlackElo "2148"]
[PlyCount "97"]
[EventDate "2025.08.28"]
[WhiteTeam "SV Oberursel"]
[BlackTeam "Kölner Schachklub Dr. Lasker 186"]

1. Nf3 Nf6 2. g3 b6 3. Bg2 Bb7 4. O-O e6 5. c4 Be7 6. Nc3 O-O 7. Re1 Ne4 8. Nxe4 Bxe4 9. d3 Bb7 10. e4 c5 11. b3 Nc6 12. Bb2 d6 13. d4 cxd4 14. Nxd4 Nxd4 15. Qxd4 e5 16. Qd3 Qc7 17. a4 Qc6 18. Qf1 a6 19. Rec1 f5 20. exf5 Qxg2+ 21. Qxg2 Bxg2 22. Kxg2 Rxf5 23. Rd1 Raf8 24. Rd2 Rf3 25. b4 d5 26. Bxe5 Bxb4 27. Rc2 Bc5 28. Bf4 Rd3 29. a5 dxc4 30. axb6 Bxb6 31. Rxa6 Rb3 32. Ra4 Rc8 33. Be5 c3 34. Ra6 Bc5 35. f4 Bb6 36. Kh3 Bg1 37. Kg4 Bb6 38. h4 Rc4 39. Ra8+ Kf7 40. Rb8 h5+ 41. Kxh5 Ke6 42. Kg6 Kd5 43. Kxg7 Ke4 44. h5 Kd3 45. Rxc3+ Rcxc3 46. Bxc3 Rxc3 47. Kf7 Kc4 48. h6 Rxg3 49. Rxb6 1-0

[Event "34.Schlosspark-Open"]
[Site "Wiesbaden-Biebrich"]
[Date "2025.08.31"]
[Round "7.5"]
[White "Bischoff, Ulrich"]
[Black "Engel, Bruno"]
[Result "0-1"]
[WhiteElo "1963"]
[BlackElo "2192"]
[PlyCount "50"]
[EventDate "2025.08.28"]
[WhiteTeam "Schachfreunde Eltville"]
[BlackTeam "Lübecker SV von 1873"]

1. d4 d6 2. Nf3 Nf6 3. c4 g6 4. g3 Bg7 5. Bg2 O-O 6. O-O Bf5 7. Qb3 Qc8 8. Nc3 Nc6 9. d5 Na5 10. Qa4 b6 11. Nd4 Bd7 12. Nc6 Nxc6 13. dxc6 Bh3 14. Nd5 Nxd5 15. cxd5 Bxg2 16. Kxg2 e6 17. dxe6 Qxe6 18. Re1 Rfe8 19. Rb1 b5 20. Qc2 Qxa2 21. Be3 a5 22. Red1 a4 23. Bd4 Qd5+ 24. Kg1 Bxd4 25. e3 Qc5 0-1

[Event "34.Schlosspark-Open"]
[Site "Wiesbaden-Biebrich"]
[Date "2025.08.31"]
[Round "7.6"]
[White "Lesny, Florian"]
[Black "Regis, Georg"]
[Result "1-0"]
[WhiteElo "2235"]
[BlackElo "2074"]
[PlyCount "124"]
[EventDate "2025.08.28"]
[WhiteTeam "Schachfreunde Hünstetten"]
[BlackTeam "Vorw.Orient Mainz"]

1. e4 b6 2. d4 Bb7 3. Bd3 g6 4. Nf3 Bg7 5. O-O d6 6. Re1 Nd7 7. c3 e5 8. a4 a6 9. Be3 Ngf6 10. Qc2 O-O 11. Nbd2 c6 12. h3 Qc7 13. Rad1 Rfe8 14. dxe5 Nxe5 15. Nxe5 dxe5 16. Nc4 Nd7 17. Bf1 b5 18. Nd6 Re6 19. Nxb7 Qxb7 20. Rd2 Bf8 21. Red1 Nc5 22. axb5 cxb5 23. Rd5 Qc6 24. g3 Na4 25. h4 Nb6 26. Bh3 Ree8 27. R5d3 Qc7 28. Bg5 h6 29. Be3 Rad8 30. b3 Rxd3 31. Rxd3 Rd8 32. Rxd8 Qxd8 33. Qa2 Nc8 34. Qxa6 Qd1+ 35. Bf1 Nd6 36. Qa8 Kg7 37. Qd5 Qxd5 38. exd5 Ne4 39. Bxb5 Nxc3 40. Bc4 Bd6 41. Bd2 Na2 42. Kf1 f5 43. Bb5 Bf8 44. Bd7 Kf6 45. Ba5 e4 46. Bc7 g5 47. Bb5 gxh4 48. gxh4 Nc1 49. d6 Nxb3 50. d7 Be7 51. d8=Q Bxd8 52. Bxd8+ Kg7 53. Bc7 Kf6 54. Kg2 Nd4 55. Bc4 Nf3 56. Kh3 Ne5 57. Bxe5+ Kxe5 58. Kg3 f4+ 59. Kg4 f3 60. Ba6 e3 61. fxe3 Ke4 62. Kh5 Kxe3 1-0

[Event "34.Schlosspark-Open"]
[Site "Wiesbaden-Biebrich"]
[Date "2025.08.31"]
[Round "7.7"]
[White "Schupp, Tobias"]
[Black "Klein, Levent"]
[Result "1-0"]
[WhiteElo "2071"]
[BlackElo "2107"]
[PlyCount "67"]
[EventDate "2025.08.28"]
[WhiteTeam "SK Niederbrechen 1948"]
[BlackTeam "SK Kaiserslautern 1905"]

{[%evp 0,67,26,26,71,54,40,15,14,11,28,30,50,31,46,32,21,27,55,21,6,25,25,20,50,28,28,1,111,96,112,112,81,78,104,35,67,29,53,75,81,68,50,50,88,36,37,34,74,78,65,55,46,70,105,105,79,27,29977,29978,29991,29992,29993,29994,29995,29996,29997,29998,29999,-30000]} 1. d4 c6 2. Nf3 d5 3. Nbd2 Nf6 4. c4 e6 5. e3 Be7 6. b3 O-O 7. Bd3 Nbd7 8. Bb2 h6 9. Ne5 Nxe5 10. dxe5 Nd7 11. O-O Re8 12. f4 a5 13. g4 dxc4 14. Nxc4 Nb6 15. Nd6 Bxd6 16. exd6 Nd5 17. Bb1 Qh4 18. Qf3 e5 19. fxe5 Qxg4+ 20. Kh1 Qxf3+ 21. Rxf3 Be6 22. Be4 a4 23. Rg1 Kh8 24. Rfg3 Rg8 25. Rf1 axb3 26. axb3 Nb6 27. Bf5 Bxb3 28. e6 fxe6 29. Rg6 Rge8 30. Rxh6+ Kg8 31. Bh7+ Kh8 32. Bg6+ Kg8 33. Bf7+ Kf8 34. Rh8# 1-0

[Event "34.Schlosspark-Open"]
[Site "Wiesbaden-Biebrich"]
[Date "2025.08.31"]
[Round "7.9"]
[White "Boidman, Yuri"]
[Black "Gülsen, Taylan"]
[Result "1-0"]
[WhiteElo "2250"]
[BlackElo "2063"]
[PlyCount "67"]
[EventDate "2025.08.28"]
[WhiteTeam "SC Heimbach-Weis/Neuwied e.V."]
[BlackTeam "Brühler SK 1920 e. V."]

1. e4 c5 2. Nf3 g6 3. d4 cxd4 4. Qxd4 Nf6 5. e5 Nc6 6. Qa4 Nd5 7. Qe4 Nb6 8. Nc3 Bg7 9. Bf4 d5 10. exd6 Bf5 11. Qe3 O-O 12. O-O-O exd6 13. Rxd6 Qc8 14. Bb5 Nb4 15. Rd2 Bxc3 16. bxc3 N4d5 17. Qe5 Nxf4 18. Qxf4 Qxc3 19. Qd4 Qa5 20. Qb2 Rac8 21. Nd4 Rfd8 22. Rhd1 Rxd4 23. Qxd4 Qxb5 24. g4 Be6 25. Qa1 Nd5 26. Qe5 Qa4 27. Qb2 Qf4 28. Qd4 Qc7 29. a3 Nc3 30. Re1 Qa5 31. Kb2 Na4+ 32. Ka1 Rxc2 33. Rxe6 fxe6 34. Rxc2 1-0